[Event "IHEM 2001"]
[Site "?"]
[Date "2001.06.09"]
[Round "9.4"]
[White "Levin, Felix"]
[Black "Lanka, Zigurds"]
[Result "1/2-1/2"]
[WhiteElo "2535"]
[BlackElo "2483"]
[PlyCount "30"]
[EventDate "2001.??.??"]

1. d4 Nf6 2. c4 g6 3. Nc3 Bg7 4. e4 d6 5. Be2 O-O 6. Bg5 h6 7. Be3 Nbd7 8. Qd2
c5 9. dxc5 Nxc5 10. f3 h5 11. e5 Nh7 12. f4 Bg4 13. h3 Bxe2 14. Ngxe2 Rc8 15.
exd6 Qxd6 {(=)} 1/2-1/2

[Event "IHEM 2001"]
[Site "?"]
[Date "2001.06.09"]
[Round "9.5"]
[White "Pajeken, Wolfgang"]
[Black "Reeh, Oliver"]
[Result "0-1"]
[WhiteElo "2337"]
[BlackElo "2414"]
[PlyCount "68"]
[EventDate "2001.??.??"]

1. d4 Nf6 2. c4 e6 3. Nf3 c5 4. d5 exd5 5. cxd5 d6 6. Nc3 {(=)} 6... g6 7. e4
Bg7 8. h3 O-O 9. Bd3 Nbd7 10. Bf4 Ne8 11. O-O Ne5 12. Nxe5 dxe5 13. Be3 b6 14.
a4 f5 15. f4 Nd6 16. exf5 Bxf5 17. a5 Bxd3 18. Qxd3 e4 19. Qa6 Nf5 20. Bf2 Bxc3
21. bxc3 e3 22. Be1 Qxd5 23. Qb5 Nd6 24. Qe2 Nc4 25. axb6 axb6 26. Rxa8 Rxa8
27. f5 Rf8 28. Bh4 Qe4 29. Be7 Rxf5 30. Rxf5 gxf5 31. Bd8 Nd2 32. Kh2 Qe5+ 33.
g3 Qd5 34. c4 Qf3 0-1

[Event "IHEM 2001"]
[Site "?"]
[Date "2001.06.09"]
[Round "9.6"]
[White "Heyken, Enno"]
[Black "Siebrecht, Sebastian"]
[Result "1/2-1/2"]
[WhiteElo "2332"]
[BlackElo "2393"]
[PlyCount "108"]
[EventDate "2001.??.??"]

1. d4 Nf6 2. Nf3 g6 3. c4 c5 4. Nc3 cxd4 5. Nxd4 Bg7 6. e4 Nc6 7. Nc2 O-O 8.
Be2 d6 9. Bg5 Be6 10. Qd2 Rc8 11. O-O Na5 12. b3 b5 13. e5 dxe5 14. Nxb5 Nc6
15. Nb4 Qxd2 16. Bxd2 Nd4 17. Bd3 Rfd8 18. Rad1 a5 19. Nd5 Nxd5 20. cxd5 Rxd5
21. Nxd4 exd4 22. Rc1 Rcc5 23. Rxc5 Rxc5 24. Rc1 Rxc1+ 25. Bxc1 Be5 26. Ba3 Bd6
27. Bxd6 exd6 28. Kf1 Kg7 29. f4 Kf6 30. Ke2 Bd5 31. g3 h5 32. Bc2 Be6 33. Be4
g5 34. fxg5+ Kxg5 35. Kd3 h4 36. Bf3 hxg3 37. hxg3 Bg4 38. Bd5 Bh5 39. a3 Kg4
40. b4 axb4 41. axb4 Kxg3 42. b5 Bg4 43. Kxd4 f6 44. Bc6 Be2 45. b6 Ba6 46. Ke4
Kg4 47. Kd5 f5 48. Bd7 Kg5 49. Kxd6 f4 50. Bc6 Kg4 51. Bb5 Bb7 52. Bd7+ Kh4 53.
Kc7 Be4 54. Bf5 Bd5 1/2-1/2

[Event "IHEM 2001"]
[Site "?"]
[Date "2001.06.09"]
[Round "9.8"]
[White "Kopylov, Michael"]
[Black "Lindinger, Markus"]
[Result "1-0"]
[WhiteElo "2444"]
[BlackElo "2299"]
[PlyCount "112"]
[EventDate "2001.??.??"]

1. d4 Nf6 2. c4 g6 3. Nf3 Bg7 4. Nc3 d5 5. cxd5 Nxd5 6. e4 Nxc3 7. bxc3 c5 8.
Rb1 O-O 9. Be2 Nc6 10. d5 Ne5 11. Nxe5 Bxe5 12. Qd2 e6 13. f4 Bc7 14. O-O exd5
15. exd5 Ba5 16. Rb3 Qd6 17. Bf3 b6 18. Qe2 Bd7 19. Qe5 Qxe5 20. fxe5 c4 21.
Ra3 Rac8 22. Bg5 Rfe8 23. Bf6 Rc5 24. Be4 Rb5 25. Rf2 Rc8 26. Rd2 Kf8 27. Kf2
Ke8 28. Ke3 Rcc5 29. Kf4 Bf5 30. Bh4 Bxe4 31. Kxe4 Rb1 32. e6 fxe6 33. dxe6 g5
34. Bf2 Rcb5 35. Kd4 R1b2 36. Be3 Rxd2+ 37. Bxd2 Ke7 38. Kxc4 Rb2 39. Kd3 Kxe6
{(=)} 40. Ra4 Kf6 41. g4 h6 42. a3 Rb1 43. Rc4 Rh1 44. Rc6+ Kg7 45. Be3 Rxh2
46. Bd4+ Kf7 47. Ke4 h5 48. Kf5 hxg4 49. Rc7+ Ke8 50. Kxg4 Kd8 51. Rxa7 Kc8 52.
Kf5 Kb8 53. Rxa5 bxa5 54. Be5+ Kb7 55. Bxh2 Kc6 56. Ke4 Kc5 1-0

[Event "IHEM 2001"]
[Site "?"]
[Date "2001.06.09"]
[Round "9.11"]
[White "Langrock, Hannes"]
[Black "Buhr, Carl Christian"]
[Result "1/2-1/2"]
[WhiteElo "2261"]
[BlackElo "2392"]
[PlyCount "81"]
[EventDate "2001.??.??"]

1. e4 c5 2. d4 cxd4 3. c3 Nc6 4. cxd4 d5 5. exd5 Qxd5 6. Nf3 Bg4 7. Nc3 Qa5 8.
d5 Ne5 9. Qb3 Nxf3+ 10. gxf3 Bd7 11. Qxb7 Rc8 12. Bb5 Qc7 13. Qxc7 Rxc7 14. Bf4
Rb7 15. Bxd7+ Rxd7 16. O-O-O Nf6 17. Rhe1 g6 18. Be5 Bg7 19. Ne4 O-O 20. Nxf6+
Bxf6 21. Bxf6 exf6 22. Re3 Rfd8 23. Red3 g5 24. d6 Kg7 25. b4 Kg6 26. Rd5 f5
27. f4 f6 28. Kb2 h6 29. Kb3 Kh5 30. R5d4 gxf4 31. Kc4 f3 32. R1d3 f4 33. Kc5
Kg4 34. Kc6 f5 35. b5 h5 36. a4 h4 37. h3+ Kxh3 38. Rxf3+ Kg2 39. Rfxf4 h3 40.
Rxf5 Rh7 41. Rg5+ {(=)} 1/2-1/2

[Event "IHEM 2001"]
[Site "?"]
[Date "2001.06.09"]
[Round "9.12"]
[White "Maahs, Erich"]
[Black "Dankert, Peter"]
[Result "1-0"]
[WhiteElo "2199"]
[BlackElo "2232"]
[PlyCount "57"]
[EventDate "2001.??.??"]

1. e4 Nf6 2. e5 Nd5 3. d4 d6 4. c4 Nb6 5. f4 g6 6. Nf3 Bg7 7. Be2 O-O 8. O-O
dxe5 9. Nxe5 N8d7 10. Nc3 c6 11. Be3 Nxe5 12. dxe5 Be6 13. Qb3 Qc7 14. Ne4 Rad8
15. a4 f6 16. a5 Nd7 17. exf6 exf6 18. Bxa7 Ra8 19. Nc5 Bf7 20. Nxd7 Qxd7 21.
Bc5 Rfe8 22. Bf3 Qf5 23. Qb4 Rad8 24. b3 h5 25. Rad1 Be6 26. Bd6 Bc8 27. a6
bxa6 28. Bxc6 Re2 29. Qb6 1-0

[Event "IHEM 2001"]
[Site "?"]
[Date "2001.06.09"]
[Round "9.14"]
[White "Fjodorow, Peter"]
[Black "Meier, David-Geffrey"]
[Result "1/2-1/2"]
[WhiteElo "2040"]
[BlackElo "2083"]
[PlyCount "23"]
[EventDate "2001.??.??"]

1. e4 e6 2. d4 d5 3. Nc3 Bb4 4. e5 c5 5. Bd2 Nc6 6. Nb5 Bxd2+ 7. Qxd2 Nxd4 8.
Nxd4 cxd4 9. f4 Ne7 10. Nf3 Nc6 11. O-O-O O-O 12. Nxd4 {(=)} 1/2-1/2